| 000 | 01046cam a22002531 4500 | ||
|---|---|---|---|
| 001 | gs 05000008 | ||
| 003 | DLC | ||
| 005 | 20260227111259.0 | ||
| 008 | 840917s1901 dcuabf f000 0 eng c | ||
| 010 | _ags 05000008 | ||
| 035 | _a(OCoLC)11164202 | ||
| 040 |
_aU.S. Geol. survey. Library _cCLS _dDLC |
||
| 042 | _apremarc | ||
| 050 | 0 | 0 |
_aTC801 _b.U2 no. 55 |
| 051 |
_aTC824.W2 _bS6 |
||
| 100 | 1 |
_aSmith, George Otis, _d1871-1944. |
|
| 245 | 1 | 0 |
_aGeology and water resources of a portion of Yakima county, Wash. / _cby George Otis Smith. |
| 260 |
_aWashington : _bGovt. Print. Off., _c1901. |
||
| 300 |
_a68 p. : _billus., VII pl. (incl. double map) ; _c23 cm. |
||
| 490 | 0 |
_aU.S. Geological survey. Water-supply and irrigation paper _vno. 55 |
|
| 501 |
_aTC801.U2 no. 55 with : Geology and water resources of Nez Perce County, Idaho. Washington : Govt. Print. Off., 1901. Bound together subsequent to publication. _5DLC |
||
| 650 | 0 |
_aGeology _zWashington (State) _zYakima County. |
|
| 650 | 0 |
_aWater-supply _zWashington (State) _zYakima County. |
|
| 999 |
_c24120 _d24120 |
||